000 00767nam a22002177i 4500
001 IT\ICCU\CUB\0061713
003 ItRI
005 20260115232337.0
008 971014s1940 it |||||| ||||| |||||c
015 _2IT
_a1940 5628
024 7 0 _a46585
_2cubi
040 _bita
_cimportazione bologna sebina
041 7 _aita
_2ISO-639-2
100 1 _aBabina, Pietro
_c (medico, sessuologo)
_0IT\ICCU\RAVV\060960
_4aut
240 1 3 _aIl tormento della carne
_3IT\ICCU\UBO\4723894
_9Babina, Pietro <medico, sessuologo>
245 1 3 _aIl tormento della carne /
_cPietro Babina, Raffaele Edwards.
260 _aMilano :
_bIstituto di propaganda libraria,
_cstampa 1940
300 _a73 p. ;
_c19 cm
700 1 _aEdwards, Raphael
_0IT\ICCU\CUBV\058146
_4aut
942 _2ddc
_cBK
_n0
999 _c20856
_d20856